A-level economics
| Main Author: | Harrison, Barry |
|---|---|
| Language: | English |
| Published: |
Essex, England:
Longman,
1997.
|
| Series: |
Longman exam practice kits
|
| Subjects: |
| LEADER | 00599cam a2200193 7i4500 | ||
|---|---|---|---|
| 001 | 0000026671 | ||
| 005 | 20170218090000.0 | ||
| 008 | 090402 eng | ||
| 020 | |a 0582312507 (pbk.) | ||
| 020 | |a 9780582312500 | ||
| 090 | 0 | 0 | |a HB171.5 |b .H79 1997 |
| 100 | 1 | |a Harrison, Barry | |
| 245 | 1 | 0 | |a A-level economics |c Barry Harrison. |
| 260 | |a Essex, England: |b Longman, |c 1997. | ||
| 300 | |a vi, 114 p.: |b ill.; |c 30 cm. | ||
| 490 | 0 | |a Longman exam practice kits | |
| 650 | 0 | 0 | |a Economics |
| 997 | |a Business & Accountancy, Faculty | ||
| 999 | |a 0000021491 |b BOK |c OPEN SHELF |e 1st Floor, Shah Alam | ||


